[Event "RUS Cup final"]
[Site "Serpukhov"]
[Date "2008.11.13"]
[Round "5.1"]
[White "Vitiugov, Nikita"]
[Black "Timofeev, Artyom"]
[Result "1-0"]
[WhiteElo "2638"]
[BlackElo "2670"]
[Annotator "Vitiugov,N"]
[PlyCount "69"]
[EventDate "2008.11.05"]
[EventType "k.o."]
[EventRounds "6"]
[EventCountry "RUS"]
[SourceTitle "CBM 128"]
[Source "ChessBase"]
[SourceDate "2009.01.28"]
[SourceVersion "1"]
[SourceVersionDate "2009.01.28"]
[SourceQuality "1"]

{It is hard to believe, but since Krasnoyarsk-2007 I have played 7 games
against Artem. To play with Timofeev is always very interesting, because Artem
is correct and non-compromising player. So, this game was the first game of
the semi-final.} 1. c4 ({In the previous games I played} 1. d4) (1. Nf3 {
or 1.c4}) 1... c5 2. Nc3 g6 3. g3 Bg7 4. Bg2 Nc6 5. Nf3 Nf6 ({Another
continuation is} 5... e6) ({or} 5... e5) 6. d4 cxd4 7. Nxd4 O-O 8. O-O Ng4 {
Interesting variation. Black didn't want to play usual Maroczy structure.} (
8... Nxd4 $5 9. Qxd4 d6) 9. e3 d6 10. b3 Nxd4 $5 (10... Nge5 {is also possible}
) 11. exd4 Nh6 {Black's aim is to provoke d4-d5, after which he has
counterplay.} 12. Bxh6 $5 {The most radical way. White exchanges his strong
bishop, but kills off Black's counterplay.} Bxh6 13. Qe2 Rb8 {Artem decided to
keep the bishop on h6 to control the c1-square.} (13... Bg7 14. Rfd1 Rb8 15. b4
$14) 14. Rfd1 Be6 $6 {A new plan in this position. But, I think, it looks
strange.} (14... Qa5 $2 15. b4 $5 Qa3 16. Rab1 $1 $36) (14... Re8 $5) 15. b4
Qc8 16. c5 $14 {White has more space, his g2-bishop is very strong. But
Black's main problem is his plan. Unfortunately, he doesn't have one!} Rd8 (
16... Re8 $5) 17. Rab1 ({White shouldn't hurry up} 17. Bd5 $6 Bg4 18. f3 dxc5
19. dxc5 e6 $132) 17... a6 18. Bd5 Bf5 19. Rb3 (19. Qxe7 {looks very
attractive, but after} Rd7 (19... Bxb1 20. Qxf7+ Kh8 21. Rxb1 $16) 20. Qh4 Bxb1
21. Qxh6 Bf5 22. g4 $1 Bxg4 23. Ne4 Qd8 {I couldn't find any ways to continue
the attack. For example,} 24. Re1 Bf5 25. Ng5 Qf6 26. Qxh7+ Kf8 27. Bxf7 Rxf7
28. Nxf7 g5 $1 29. Qh5 Bg6 30. Qh8+ (30. Qxg5 Kxf7 31. Qd5+ Kg7 32. Re6 Qf4 33.
Re7+ Kf8 34. Re6 Qg4+ 35. Kh1 Qd1+ 36. Kg2 $11) 30... Qxh8 31. Nxh8 Bh5 32. Re6
dxc5 33. bxc5 Kg7 34. Rb6 Rxh8 35. Rxb7+ Bf7 $15) 19... Bg7 $2 {A very strange
decision. Probably, Artem disliked his position and sacrificed a pawn to
complicate the game.} (19... Qc7 20. Bc4 $5 (20. Bf3 Be6)) 20. Qxe7 Rd7 $6 ({
I expected} 20... Bc2 {, after which White has an extra pawn in the endgame.}
21. Bxf7+ Kh8 22. Be6 Re8 (22... Qc6 23. d5 Qe8 24. Qxe8+ Rxe8 25. Rc1 $16) 23.
Bxc8 Rxe7 24. cxd6 $1 Re8 25. d7 Rexc8 26. dxc8=Q+ Rxc8 27. Ra3 Bxd1 28. Nxd1
$14 {/+/-. But it was the best way.}) 21. Qe2 dxc5 22. bxc5 Qd8 23. g4 $1 {
During the game, I thought, that now White is winning.} Qg5 $2 {This looks
logical, but it loses.} (23... Re7 $1 {was a very unpleasant surprise for me!
It seems, that both of us overlooked it.} 24. Be4 Be6 25. d5 Bd7 26. Qf3 $16)
24. h3 Rbd8 (24... Rxd5 25. Nxd5 Be6 26. Ne7+ $1 Qxe7 27. d5 $18) (24... h5 25.
f4 (25. Qd2 $5 Qxd2 26. Rxd2) 25... Qxf4 26. gxf5 $18) 25. Rxb7 $1 {In spite
of Black making the best moves, nothing can help him.} h5 (25... Rxb7 26. Bxb7
Bxd4 27. Rxd4 Rxd4 28. Qe8+ Kg7 29. Qe5+ Qf6 30. Qxf6+ Kxf6 31. gxf5 Rc4 32.
Nd5+ Ke5 33. c6 $1 $18) 26. Qe3 Qxe3 27. fxe3 hxg4 28. hxg4 Bxg4 29. Rxd7 Rxd7
30. Rb1 Bh6 31. Kf2 Re7 32. Ne4 $1 $18 {The last accurate move.} (32. e4 $6 Bd2
33. Ne2 $16) 32... Bf5 33. c6 Kg7 34. Rb7 Kf8 35. c7 1-0